Czech Republic: completing the transformation of banks and enterprises (Record no. 39353)

MARC details
000 -LEADER
fixed length control field 00659nam a2200169 a 4500
008 - FIXED-LENGTH DATA ELEMENTS--GENERAL INFORMATION
fixed length control field 071106s2000 ||||||||||||||||| || u
020 ## - INTERNATIONAL STANDARD BOOK NUMBER
International Standard Book Number 0821348809
050 ## - LIBRARY OF CONGRESS CALL NUMBER
Classification number IBRD(06)CS/2000/7
110 ## - MAIN ENTRY--CORPORATE NAME
Corporate name or jurisdiction name as entry element World Bank
245 10 - TITLE STATEMENT
Title Czech Republic: completing the transformation of banks and enterprises
Statement of responsibility, etc. The World Bank
260 ## - PUBLICATION, DISTRIBUTION, ETC.
Place of publication, distribution, etc. Washington, D. C.
Name of publisher, distributor, etc. World Bank
Date of publication, distribution, etc. 2000
300 ## - PHYSICAL DESCRIPTION
Extent xi, 70p.: ill.
350 ## - PRICE (NR) (BK AM CF MU VM SE) [OBSOLETE]
Price 0.00
490 ## - SERIES STATEMENT
Series statement World Bank Country Study
650 ## - SUBJECT ADDED ENTRY--TOPICAL TERM
Topical term or geographic name entry element BANKS AND BANKING--CZECH REPUBLIC
995 ## - RECOMMENDATION 995 [LOCAL, UNIMARC FRANCE]
-- 0.00
-- CBU-MAIN LIBRARY (Kitwe)
-- 1
-- 0.00
-- 1
-- AVAILABLE
-- Nov 6, 2007
-- International Publications
Holdings
Withdrawn status Lost status Source of classification or shelving scheme Damaged status Not for loan Home library Current library Shelving location Date acquired Total Checkouts Full call number Barcode Date last seen Price effective from Koha item type
          CBU-MAIN LIBRARY, KITWE. CBU-MAIN LIBRARY, KITWE.   11/30/2022   IBRD(06)CS/2000/7 55758 11/30/2022 11/30/2022 MONOGRAPH